| 000 | 00781nam a22002057a 4500 | ||
|---|---|---|---|
| 999 |
_c1655 _d1655 |
||
| 003 | AR-CdUCM | ||
| 008 | 190227b ||||| |||| 00| 0 spa d | ||
| 040 |
_aMUNICIPALIDAD PROVINCIAL DEL CUSCO _cBIBLIOTECA MUNICIPAL DEL CUSCO |
||
| 082 |
_a338 / _bW28 |
||
| 100 |
_aWard, Barbara _96162 |
||
| 245 | _aLas naciones ricas y las naciones pobres / | ||
| 260 |
_aMéxico, D.F : _bCompañía general de ediciones, s.a.; _c1963. |
||
| 300 |
_a160 paginas ; _c20 cm. |
||
| 505 | _aLas naciones ricas -- Las naciones pobres -- Heliografia del comunismo .. La economía del desarrollo -- La política del desarrollo ... | ||
| 650 |
_aDesarrollo económico _91696 |
||
| 650 |
_aAreas subdesarrolladas _96163 |
||
| 650 |
_aPolítica _9291 |
||
| 942 |
_2ddc _cLIBROS |
||
| 945 |
_arum _d2019-02-27 |
||